#1 Soccer World Cup Participant ? - Statistics

General Stats
  • This quiz has been taken 80 times
  • The average score is 8 of 10
Answers on the Grid
Answers color-coded by a green-red scale on the quiz's grid according to % correct below.
Togo
Honduras
Sweden
Iran
Chile
Morocco
Paraguay
Nicaragua
India
Mexico
Finland
Luxembourg
Japan
Kenya
New Zealand
 
Answer Stats
Answer % Correct
Sweden
90%
Japan
86%
Iran
84%
Mexico
84%
Morocco
84%
Chile
80%
New Zealand
80%
Paraguay
80%
Honduras
68%
Togo
58%
No matching quizzes found
Score Distribution
Percent of People with Each Score
Percentile by Number Answered
Your Score History
You have not taken this quiz